| 000 | 06762nam a22008537a 4500 | ||
|---|---|---|---|
| 001 | B-267588-628 | ||
| 003 | dpl | ||
| 005 | 20080605123125.0 | ||
| 008 | 080530t xxu||||| |||| 00| 0 eng d | ||
| 010 | _aB-267588-628 | ||
| 020 |
_a9788128616570 _c145.00 |
||
| 035 | _aB-267588-628 | ||
| 040 |
_aDPL _bEN |
||
| 082 | _aS | ||
| 100 | _aPetrucha, Stefan | ||
| 245 |
_aThe charmed bracelet / _cby Stefan Petrucha; based on the series by Carolyn Keene;edited by Jim Salicrup |
||
| 260 |
_aMumbai _bEuro Books _c2005 |
||
| 270 |
_bMumbai _aDani Corporate Park, 158, Vidyanagari Marg, Kalina, Santacruz (E) _e400098 |
||
| 300 |
_aunpaged _bcol. ill. _c20 cm (Hb) |
||
| 490 | _aNancy drew girl detective | ||
| 700 | _aKeene, Carolyn | ||
| 700 | _aSalicrup, Jim | ||
| 700 | _a | ||
| 700 | _a | ||
| 700 | _a | ||
| 700 | _a | ||
| 700 | _a. | ||
| 700 | _a | ||
| 942 |
_2ddc _cCH _hS _mPET |
||
| 999 |
_c13301 _d13301 |
||